ADMINISTRACION DE LA PRODUCTIVIDAD EN LAS ORGANIZACIONES: PERSPECTIVA PRACTICA ORIENTADA HACIA LAS PERSONAS (Registro nro. 219237)
[ vista simple ]
| 000 -LEADER | |
|---|---|
| campo de control de longitud fija | 00760nam a2200265Ia 4500 |
| 005 - FECHA Y HORA DE LA ÚLTIMA TRANSACCIÓN | |
| campo de control | 20250425161934.0 |
| 008 - DATOS DE LONGITUD FIJA--INFORMACIÓN GENERAL | |
| campo de control de longitud fija | 250425s9999 xx 000 0 und d |
| 020 ## - NÚMERO INTERNACIONAL ESTÁNDAR DEL LIBRO | |
| Número Internacional Estándar del Libro | 9684223013 |
| 041 ## - CÓDIGO DE IDIOMA | |
| Código de lengua del texto/banda sonora o título independiente | spa |
| 082 ## - NÚMERO DE LA CLASIFICACIÓN DECIMAL DEWEY | |
| Número de clasificación | 658.314 |
| 010 ## - NÚMERO DE CONTROL DE LA BIBLIOTECA DEL CONGRESO | |
| Número de control de LC | 35762 |
| 100 ## - ENTRADA PRINCIPAL--NOMBRE DE PERSONA | |
| Nombre de persona | KOPELMAN, RICHARD E. |
| 245 #0 - MENCIÓN DEL TÍTULO | |
| Título | ADMINISTRACION DE LA PRODUCTIVIDAD EN LAS ORGANIZACIONES: PERSPECTIVA PRACTICA ORIENTADA HACIA LAS PERSONAS |
| 250 ## - MENCION DE EDICION | |
| Mención de edición | 1A ED. |
| 260 ## - PUBLICACIÓN, DISTRIBUCIÓN, ETC. | |
| Lugar de publicación, distribución, etc. | MEXICO |
| 260 ## - PUBLICACIÓN, DISTRIBUCIÓN, ETC. | |
| Lugar de publicación, distribución, etc. | México |
| Nombre del editor, distribuidor, etc. | MCGRAW-HILL |
| Fecha de publicación, distribución, etc. | 1988 |
| 300 ## - DESCRIPCIÓN FÍSICA | |
| Extensión | 362 |
| 500 ## - NOTA GENERAL | |
| Nota general | Título Traducido: MANAGING PRODUCTIVITY IN ORGANIZATIONS |
| 650 ## - PUNTO DE ACCESO ADICIONAL DE MATERIA--TÉRMINO DE MATERIA | |
| Término de materia o nombre geográfico como elemento de entrada | EFICIENCIA |
| 650 ## - PUNTO DE ACCESO ADICIONAL DE MATERIA--TÉRMINO DE MATERIA | |
| Término de materia o nombre geográfico como elemento de entrada | LIDERAZGO |
| 650 ## - PUNTO DE ACCESO ADICIONAL DE MATERIA--TÉRMINO DE MATERIA | |
| Término de materia o nombre geográfico como elemento de entrada | PRODUCTIVIDAD |
| 650 ## - PUNTO DE ACCESO ADICIONAL DE MATERIA--TÉRMINO DE MATERIA | |
| Término de materia o nombre geográfico como elemento de entrada | RENDIMIENTO DEL TRABAJO |
| 700 ## - ENTRADA AGREGADA--NOMBRE PERSONAL | |
| Nombre de persona | FEDERICO LING |
| Término indicativo de función/relación | traductor |
| 942 ## - ELEMENTOS DE ENTRADA SECUNDARIOS (KOHA) | |
| Tipo de ítem Koha | Libros |
| Estatus retirado | Estado de pérdida | Estado de daño | No para préstamo | Biblioteca de origen | Biblioteca actual | Fecha de adquisición | Coste, precio normal de compra | Total de préstamos | Código de barras | Copia número | Tipo de ítem Koha |
|---|---|---|---|---|---|---|---|---|---|---|---|
| CENTRO DE INFORMACIÓN BIBLIOTECARIA | CENTRO DE INFORMACIÓN BIBLIOTECARIA | 18/11/2002 | 1.00 | 27625 | 1 | Libros |